Three hundred years of American painting
Bewaard in:
| Hoofdauteur: | |
|---|---|
| Formaat: | Boek |
| Taal: | Engels |
| Gepubliceerd in: |
Nueva York
Time
1957
|
| Onderwerpen: | |
| Tags: |
Voeg label toe
Geen labels, Wees de eerste die dit record labelt!
|
MARC
| LEADER | 00000nam a2200000 a 4500 | ||
|---|---|---|---|
| 001 | UCV8038 | ||
| 003 | CL-VaPUC | ||
| 008 | 900419e19570000US |||||||||||||||||eng|d | ||
| 082 | 0 | 4 | |a 759.13 |b ELI |2 21 |
| 100 | 0 | |a Eliot, Alexander |e author |9 302123 | |
| 245 | 1 | 0 | |a Three hundred years of American painting |
| 300 | |a 318 p | ||
| 942 | |c BK | ||
| 945 | |d 19900419 00:00:00 | ||
| 260 | |a Nueva York |b Time |c 1957 | ||
| 650 | 7 | |a PINTURA HISTORIA |2 CL-VaPUC |9 265594 | |
| 650 | 0 | |a Pintores |9 265963 | |
| 651 | 0 | |a Estados Unidos |9 255178 | |
| 583 | |a last modification |c 19900419 00:00:00 |k Rodrigo Vera | ||
| 999 | |c 213626 |d 213624 | ||
| 952 | |0 0 |1 0 |4 0 |6 759_130000000000000_ELI_1957 |7 0 |8 A |9 196180 |a BIBARQ |b BIBARQ |d 2019-11-14 |i 2640996 |o 759.13 ELI 1957 |p 2640996 |r 2025-01-20 |w 2019-11-14 |y BK |k ARQ | ||